Alle Hauptstädte der Welt (mit Hinweis) - Statistiken

Allgemein
  • Dieses Quiz wurde 82 mal gespielt
  • Das Durchschnittsergebnis liegt bei 83 aus 193
Antwortstatistiken
Land Hauptstadt % Korrekt
Albanien Tirana
90%
Deutschland Berlin
81%
Ägypten Kairo
81%
Dänemark Kopenhagen
81%
Algerien Algier
79%
Griechenland Athen
79%
Australien Canberra
79%
Frankreich Paris
79%
China Peking
79%
Brasilien Brasília
77%
Belgien Brüssel
77%
Finnland Helsinki
77%
Belarus Minsk
77%
Andorra Andorra la Vella
75%
Argentinien Buenos Aires
75%
Afghanistan Kabul
75%
Grossbritannien London
75%
Estland Tallinn
75%
Japan Tokio
73%
Bulgarien Sofia
71%
Italien Rom
69%
Aserbaidschan Baku
67%
Russland Moskau
67%
Norwegen Oslo
67%
Lettland Riga
67%
Polen Warschau
67%
Irland Dublin
65%
Luxemburg Luxemburg
65%
Kanada Ottawa
65%
Südkorea Seoul
65%
Schweden Stockholm
65%
Israel Tel Aviv-Jaffa
65%
Kroatien Zagreb
65%
Rumänien Bukarest
63%
Monaco Monaco
63%
Ukraine Kiew
62%
Portugal Lissabon
62%
Tschechien Prag
62%
Bosnien und Herzegowina Sarajevo
62%
Litauen Vilnius
62%
USA Washington D.C.
62%
Österreich Wien
62%
Türkei Ankara
60%
Irak Bagdad
60%
Spanien Madrid
60%
Georgien Tiflis
60%
Liechtenstein Vaduz
60%
Niederlande Amsterdam
58%
Schweiz Bern
58%
Ungarn Budapest
58%
Jamaika Kingston
58%
St. Vincent und die Grenadinen Kingstown
58%
Ecuador Quito
58%
Island Reykjavík
58%
Thailand Bangkok
56%
Serbien Belgrad
56%
San Marino San Marino
56%
Chile Santiago de Chile
56%
Iran Teheran
56%
Bangladesch Dhaka
54%
Peru Lima
54%
Panama Panama-Stadt
54%
Tunesien Tunis
54%
Kolumbien Bogotá
52%
Slowakei Bratislava
52%
El Salvador San Salvador
52%
Singapur Singapur
52%
Bolivien Sucre
52%
Vereinigte Arabische Emirate Abu Dhabi
50%
Südafrika Kapstadt
50%
Guatemala Guatemala-Stadt
50%
Vietnam Hanoi
50%
Philippinen Manila
50%
Kenia Nairobi
50%
Bahamas Nassau
50%
Äthiopien Addis Abeba
48%
Libanon Beirut
48%
Kuba Havanna
48%
Nordkorea Pjöngjang
48%
Marokko Rabat
48%
Saudi-Arabien Riad
48%
Ghana Accra
46%
Moldau Chișinău
46%
Senegal Dakar
46%
Katar Doha
46%
Dschibuti Dschibuti
46%
Armenien Jerewan
46%
Slowenien Ljubljana
46%
Malta Valletta
46%
Pakistan Islamabad
44%
Malaysia Kuala Lumpur
44%
Kuwait Kuwait
44%
Uruguay Montevideo
44%
Mongolei Ulaanbaatar
44%
Neuseeland Wellington
44%
Kasachstan Astana
42%
Guyana Georgetown
42%
Demokratische Republik Kongo Kinshasa
42%
Zypern Nikosia
42%
Montenegro Podgorica
42%
Nordmazedonien Skopje
42%
Dominikanische Republik Santo Domingo
40%
Paraguay Asunción
38%
Republik Kongo Brazzaville
38%
Venezuela Caracas
38%
Syrien Damaskus
38%
Nepal Kathmandu
38%
Malediven Malé
38%
Guinea-Bissau Bissau
37%
Bahrain Manama
37%
Haiti Port-au-Prince
37%
Jemen Sanaa
37%
Fidschi Suva
37%
Jordanien Amman
35%
Oman Maskat
35%
Costa Rica San José
35%
Namibia Windhoek
35%
Madagaskar Antananarivo
33%
Belize Belmopan
33%
Kirgistan Bischkek
33%
Osttimor Dili
33%
Kambodscha Phnom Penh
33%
Trinidad und Tobago Port of Spain
33%
Turkmenistan Aşgabat
31%
Tadschikistan Duschanbe
31%
Gabun Libreville
31%
Sambia Lusaka
31%
Grenada St. George’s
31%
Libyen Tripolis
31%
Eritrea Asmara
29%
Sierra Leone Freetown
29%
Eswatini Mbabane
29%
Papua-Neuguinea Port Moresby
29%
Antigua und Barbuda Saint Johns
29%
São Tomé und Príncipe São Tomé
29%
Usbekistan Taschkent
29%
Honduras Tegucigalpa
29%
Laos Vientiane
29%
Gambia Banjul
27%
Barbados Bridgetown
27%
Guinea Conakry
27%
Südsudan Juba
27%
Somalia Mogadischu
27%
Bhutan Thimphu
27%
Nigeria Abuja
25%
Brunei Bandar Seri Begawan
25%
St. Kitts und Nevis Basseterre
25%
Botswana Gaborone
25%
Burundi Gitega
25%
Sudan Khartum
25%
Äquatorialguinea Malabo
25%
Mauritius Port Louis
25%
Dominica Roseau
25%
Seychellen Victoria
25%
Mali Bamako
23%
Ruanda Kigali
23%
Malawi Lilongwe
23%
Togo Lomé
23%
Nicaragua Managua
23%
Mosambik Maputo
23%
Niger Niamey
23%
Burkina Faso Ouagadougou
23%
Suriname Paramaribo
23%
Benin Porto-Novo
23%
St. Lucia Castries
21%
Simbabwe Harare
21%
Uganda Kampala
21%
Lesotho Maseru
21%
Liberia Monrovia
21%
Tschad N’Djamena
21%
Indien New Delhi
21%
Mauretanien Nouakchott
21%
Sri Lanka Sri Jayewardenepura Kotte
21%
Zentralafrikanische Republik Bangui
19%
Tansania Dodoma
19%
Mexiko Mexico-Stadt
19%
Myanmar Naypyidaw
19%
Kap Verde Praia
19%
Elfenbeinküste Yamoussoukro
19%
Komoren Moroni
17%
Vanuatu Port Vila
17%
Samoa Apia
15%
Tuvalu Funafuti
15%
Mikronesien Palikir
15%
Kiribati South Tarawa
15%
Kamerun Yaoundé
15%
Nauru Yaren
15%
Marshallinseln Majuro
13%
Tonga Nukuʻalofa
13%
Salomonen Honiara
12%
Palau Ngerulmud
12%
Angola Luando
4%
Indonesien Nusantara
0%
Keine übereinstimmenden Quizze gefunden
Verteilung der Resultate
Anzahl Personen mit jedem Resultat
Perzentil nach korrekt beantworteten Fragen
Ihre Resultats-Entwicklung
Sie haben dieses Quiz noch nicht gespielt